Welcome to WEB OPAC of MRSPTU Central Library

Laboratory Manual of Physical Pharmaceutics (Record no. 7284)

MARC details
000 -LEADER
fixed length control field 00416nam a2200169Ia 4500
008 - FIXED-LENGTH DATA ELEMENTS--GENERAL INFORMATION
fixed length control field 230711s9999||||xx |||||||||||||| ||und||
020 ## - INTERNATIONAL STANDARD BOOK NUMBER
International Standard Book Number 978-81-85731-88-9
041 ## - LANGUAGE CODE
Language code of text/sound track or separate title ENG
082 ## - DEWEY DECIMAL CLASSIFICATION NUMBER
Classification number 615.1
Item number SU-L
100 ## - MAIN ENTRY--PERSONAL NAME
Personal name Thimma Setty,J
245 #0 - TITLE STATEMENT
Title Laboratory Manual of Physical Pharmaceutics
250 ## - EDITION STATEMENT
Edition statement 2nd Ed.
260 ## - PUBLICATION, DISTRIBUTION, ETC.
Date of publication, distribution, etc. 2017
Place of publication, distribution, etc. Delhi
Name of publisher, distributor, etc. Vallabh Prakashan
300 ## - PHYSICAL DESCRIPTION
Extent 152p.
650 ## - SUBJECT ADDED ENTRY--TOPICAL TERM
Topical term or geographic name entry element Pharmacy
942 ## - ADDED ENTRY ELEMENTS (KOHA)
Koha item type Book
Holdings
Withdrawn status Lost status Damaged status Not for loan Collection Home library Current library Date acquired Source of acquisition Cost, normal purchase price Inventory number Total checkouts Full call number Barcode Date last seen Price effective from Koha item type Date last checked out
          MRSPTU Central Library MRSPTU Central Library 10/02/2043 Krishna Book Distributors 126.00 KBD/2017-2018/1020643059   615.1 SU-L P898 08/17/2023 08/17/2023 Book  
          MRSPTU Central Library MRSPTU Central Library 10/02/2043 Krishna Book Distributors 126.00 KBD/2017-2018/1020643059   615.1 SU-L P899 08/17/2023 08/17/2023 Book  
          MRSPTU Central Library MRSPTU Central Library 10/02/2043 Krishna Book Distributors 126.00 KBD/2017-2018/1020643059 1 615.1 SU-L P900 04/03/2025 08/17/2023 Book 08/30/2024
          MRSPTU Central Library MRSPTU Central Library 10/02/2043 Krishna Book Distributors 126.00 KBD/2017-2018/1020643059 1 615.1 SU-L P901 08/13/2025 08/17/2023 Book 08/13/2025
          MRSPTU Central Library MRSPTU Central Library 10/02/2043 Krishna Book Distributors 126.00 KBD/2017-2018/1020643059   615.1 SU-L P902 08/17/2023 08/17/2023 Book  
          MRSPTU Central Library MRSPTU Central Library 10/02/2043 Krishna Book Distributors 126.00 KBD/2017-2018/1020643059   615.1 SU-L P903 08/17/2023 08/17/2023 Book  
          MRSPTU Central Library MRSPTU Central Library 10/02/2043 Krishna Book Distributors 126.00 KBD/2017-2018/1020643059   615.1 SU-L P904 08/17/2023 08/17/2023 Book  
          MRSPTU Central Library MRSPTU Central Library 10/02/2043 Krishna Book Distributors 126.00 KBD/2017-2018/1020643059 1 615.1 SU-L P905 02/06/2024 08/17/2023 Book 02/06/2024
          MRSPTU Central Library MRSPTU Central Library 10/02/2043 Krishna Book Distributors 126.00 KBD/2017-2018/1020643059   615.1 SU-L P906 08/17/2023 08/17/2023 Book  
          MRSPTU Central Library MRSPTU Central Library 10/02/2043 Krishna Book Distributors 126.00 KBD/2017-2018/1020643059   615.1 SU-L P907 08/17/2023 08/17/2023 Book  

Website Designed and Developed by MRSPTU Central Library Team

E-mail Id: librarian@mrsptu.ac.in